书目信息 |
| 题名: |
爱乔布斯
|
|
| 作者: | 埃利奥特 , 西蒙 著 ;刘世卿 , 刘世东 译 | |
| 分册: | ||
| 出版信息: | 北京 中信出版社 2011.08 |
|
| 页数: | 219页 | |
| 开本: | 23cm | |
| 丛书名: | ||
| 单 册: | ||
| 中图分类: | F471.266 | |
| 科图分类: | ||
| 主题词: | 工业企业管理 | |
| 电子资源: | ||
| ISBN: | 978-7-5086-2897-4 | |
| 000 | 01253nam0 2200325 450 | |
| 001 | 010700109982 | |
| 005 | 20120328082251.85 | |
| 010 | @a978-7-5086-2897-4@dCNY39.00 | |
| 100 | @a20110812d2011 em y0chiy50 ea | |
| 101 | 1 | @achi@ceng |
| 102 | @aCN@b110000 | |
| 105 | @ay z 000yy | |
| 106 | @ar | |
| 200 | 1 | @a爱乔布斯@9ai qiao bu si@e改变世界的方法@f(美)杰伊·埃利奥特(Jay Elliot),(美)威廉·L·西蒙(William L. Simon)著@g刘世卿,刘世东译 |
| 210 | @a北京@c中信出版社@d2011.08 | |
| 215 | @a219页@d23cm | |
| 312 | @a封面英文题名:The Steve Jobs way | |
| 330 | @a本书透彻地探究了乔布斯的管理和领导方式,并向人们展现了一个绝密的乔布斯。主要包括:产品沙皇;天才规则;团队运动;变得酷起来:一种不同的销售观等。 | |
| 510 | 1 | @aSteve Jobs way@zeng |
| 517 | 1 | @a改变世界的方法@9gai bian shi jie de fang fa |
| 600 | 0 | @a乔布斯@c(Jobs, Steve@f1955-)@x工业企业管理@x经验 |
| 600 | 0 | @a乔布斯@c(Jobs, Steve@f1955-) |
| 606 | 0 | @a工业企业管理 |
| 690 | @aF471.266@v4 | |
| 701 | 0 | @c(美)@a埃利奥特@9ai li ao te@c(Elliot, Jay)@4著 |
| 701 | 0 | @c(美)@a西蒙@9xi meng@c(Simon, William L.)@4著 |
| 702 | 0 | @a刘世卿@9liu shi qing@4译 |
| 702 | 0 | @a刘世东@9liu shi dong@4译 |
| 801 | 0 | @aCN@bRENTIAN@c20110812 |
| 905 | @b538456-60@dF471.266@e54@f5 | |
| 爱乔布斯:改变世界的方法/(美)杰伊·埃利奥特(Jay Elliot),(美)威廉·L·西蒙(William L. Simon)著/刘世卿,刘世东译.-北京:中信出版社,2011.08 |
| 219页;23cm |
| ISBN 978-7-5086-2897-4:CNY39.00 |
| 本书透彻地探究了乔布斯的管理和领导方式,并向人们展现了一个绝密的乔布斯。主要包括:产品沙皇;天才规则;团队运动;变得酷起来:一种不同的销售观等。 |
| ● |
| 相关链接 |
|
|
|
|
正题名:爱乔布斯
索取号:F471.266/54
 
预约/预借
| 序号 | 登录号 | 条形码 | 馆藏地/架位号 | 状态 | 备注 |
| 1 | 538456 | 205384564 | 第一样本阅览室/ [索取号:F471.266/54] | 在馆 | |
| 2 | 538458 | 205384582 | 第一借阅区/ [索取号:F471.266/54] | 在馆 | |
| 3 | 538459 | 205384591 | 第一借阅区/ [索取号:F471.266/54] | 在馆 | |
| 4 | 538460 | 205384608 | 第一借阅区/ [索取号:F471.266/54] | 在馆 |